000 00532nam a22001817a 4500
005 20251108172300.0
008 250721s1984 xx 000 0 ara d
082 1 4 _a613.94/سبي
100 1 _aفاخوري، سبيرو
245 1 0 _aتنظيم الحمل بالوسائل العلمية الحديثة /
250 _aط6
264 1 _aبيروت :
_bدار العلم للملايين،
_c1984.
300 _a286ص
650 1 7 _aتنظيم النسل
650 1 7 _aمنع الحمل
942 _2ddc
_cBK
999 _c75069
_d75069